La noche de ánimas en Monte-Moret (Record no. 165529)

MARC details
000 -LEADER
campo de control de longitud fija 00726nam a2200169 i 4500
001 - NÚMERO DE CONTROL
campo de control 165529
003 - IDENTIFICADOR DE NÚMERO DE CONTROL
campo de control ES-MaACL
005 - FECHA Y HORA DE LA ÚLTIMA TRANSACCIÓN
campo de control 20250911063601.0
008 - DATOS DE LONGITUD FIJA--INFORMACIÓN GENERAL
campo de control de longitud fija 020327s1894 sp a |||| | spa d
100 1# - ENTRADA PRINCIPAL--NOMBRE DE PERSONA
Nombre de persona Soler, Francisco,
Fechas asociadas al nombre n. 1838
9 (RLIN) 132804
245 13 - MENCIÓN DEL TÍTULO
Título La noche de ánimas en Monte-Moret
Resto del título : (historia que parece cuento) /
Mención de responsabilidad, etc. por Don Francisco Soler y Gómez ; precedida de un prólogo de Don Nicomedes Durán y Pereda.
260 ## - PUBLICACIÓN, DISTRIBUCIÓN, ETC.
Lugar de publicación, distribución, etc. Madrid :
Nombre del editor, distribuidor, etc. [s.n.],
Fecha de publicación, distribución, etc. 1894 (
Fabricante Estab. Tip. de P. Núñez)
300 ## - DESCRIPCIÓN FÍSICA
Extensión 80 p. :
Otras características físicas il. ;
Dimensiones 19 cm.
700 1# - ENTRADA AGREGADA--NOMBRE PERSONAL
Nombre de persona Durán y Pereda, Nicomedes.
9 (RLIN) 126886
852 ## - LOCALIZACIÓN
Ubicación ES-MaACL
Número de control de estantería T-1012-F-3
Nota libre - Enc. hol., falto de la enc. editorial
-- - Enc. en un vol. facticio
Holdings
Estatus retirado Estado de pérdida Estado de daño No para préstamo Colección Biblioteca de origen Biblioteca actual Ubicación en estantería Fecha de adquisición Total de préstamos Signatura topográfica completa Código de barras Visto por última vez Precio de reemplazo Tipo de ítem Koha
        Colección de folletos Biblioteca del Ateneo de Madrid Biblioteca del Ateneo de Madrid Depósito folletos 17/01/2008   T-1012-F-3 1173589 23/02/2023 23/02/2023 Folleto